| 000 | 00636nam a22002057a 4500 | ||
|---|---|---|---|
| 003 | 0 | ||
| 005 | 20230911113315.0 | ||
| 008 | 230911b xxu||||| |||| 00| 0 eng d | ||
| 020 | _a978-971-555-451-4 | ||
| 050 |
_aPN 85 _b.M53 2017 |
||
| 100 | _aMiller, J. Hillis | ||
| 245 |
_aReading inside out interviews and conversation _cJ. Hillis Miller |
||
| 260 |
_aManila _bDe La Salle University Publishing House _cc2017. |
||
| 300 |
_axxiv, 298 pages ; _c23 cm. |
||
| 500 | _aCriticism. | ||
| 504 | _aIncludes bibliographical references and index. | ||
| 650 | _aCriticism. | ||
| 650 | _aLiterature and society. | ||
| 942 |
_2lcc _cBK |
||
| 999 |
_c365275 _d365275 |
||